[Event "Maia op 7th"]
[Site "Maia"]
[Date "2023.08.27"]
[Round "3"]
[White "Ouadi, Wahbi"]
[Black "Stewart, Ashley"]
[Result "0-1"]
[WhiteElo "1819"]
[BlackElo "2065"]
[PlyCount "70"]
[EventDate "2023.08.25"]
[EventType "swiss"]
[EventRounds "9"]
[EventCountry "POR"]
[SourceTitle "EXT 2024"]
[Source "ChessBase"]
[SourceDate "2023.10.10"]
[SourceVersion "1"]
[SourceVersionDate "2023.10.10"]
[SourceQuality "1"]

1. e4 g6 2. Bc4 Bg7 3. Nf3 c5 4. Nc3 Nc6 5. a4 d6 6. d3 Nf6 7. 0-0 Bg4 8. h3 Bxf3 9. Qxf3 0-0 10. Bf4 Nd7 11. Bd5 Rb8 12. Rab1 a6 13. Ne2 Qa5 14. Bb3 b5 15. axb5 axb5 16. Bd5 Qb6 17. Qg3 Nf6 18. Qh4 Rfe8 19. Bb3 Na5 20. Ba2 b4 21. e5 dxe5 22. Bxe5 Ra8 23. Ra1 b3 24. cxb3 Nxb3 25. Qc4 Nxa1 26. Qxf7+ Kh8 27. Rxa1 Rf8 28. Qc4 Nd7 29. Bxg7+ Kxg7 30. Nf4 Qxb2 31. Re1 Ne5 32. Ne6+ Kh8 33. Qxc5 Nxd3 34. Qxe7 Rfe8 35. Qh4 Rxa2 0-1

[Event "Berlin Lichtenberger op 14th"]
[Site "Berlin"]
[Date "2015.08.18"]
[Round "4"]
[White "Ouadi, Wahbi"]
[Black "Guenther, Boris"]
[Result "0-1"]
[WhiteElo "1962"]
[BlackElo "1626"]
[PlyCount "112"]
[EventDate "2015.08.15"]
[EventType "swiss"]
[EventRounds "9"]
[EventCountry "GER"]
[SourceTitle "EXT 2016"]
[Source "ChessBase"]
[SourceDate "2015.10.08"]
[SourceVersion "1"]
[SourceVersionDate "2015.10.08"]
[SourceQuality "1"]

1. e4 e5 2. f4 exf4 3. Nf3 g5 4. h3 Bg7 5. d4 d5 6. exd5 Qxd5 7. Nc3 Qe6+ 8. Be2 h6 9. 0-0 Nf6 10. Bb5+ Kf8 11. Re1 Qd6 12. Qd3 Bd7 13. Bc4 Nc6 14. a3 Re8 15. Bd2 a6 16. Ba2 Ne7 17. Ne5 Be6 18. Bxe6 fxe6 19. Nc4 Qd7 20. Ne5 Qd6 21. Ne2 Nd7 22. Nxd7+ Qxd7 23. Rad1 Nf5 24. Bb4+ Kf7 25. c4 b6 26. Qf3 Bxd4+ 27. Nxd4 Nxd4 28. Qh5+ Kf6 29. c5 e5 30. cxb6 cxb6 31. Bc3 Qf7 32. Qxf7+ Kxf7 33. Rxe5 Rxe5 34. Bxd4 Rd5 35. Bxh8 Rxd1+ 36. Kf2 Ke6 37. Bc3 Kf5 38. Ke2 Rd5 39. Bg7 h5 40. Bc3 Ke4 41. Kf2 Rd3 42. Bf6 Rg3 43. a4 Rb3 44. Bc3 Kd3 45. Bf6 g4 46. hxg4 hxg4 47. Be5 Rb4 48. a5 bxa5 49. Bc3 Ra4 50. Be5 Re4 51. Bg7 a4 52. Bf6 Re2+ 53. Kf1 a3 54. bxa3 Ra2 55. Be7 a5 56. Bd6 g3 0-1

[Event "Berlin Lichtenberger op 14th"]
[Site "Berlin"]
[Date "2015.08.16"]
[Round "2"]
[White "Dauth, Benjamin"]
[Black "Ouadi, Wahbi"]
[Result "1-0"]
[WhiteElo "2360"]
[BlackElo "1962"]
[PlyCount "56"]
[EventDate "2015.08.15"]
[EventType "swiss"]
[EventRounds "9"]
[EventCountry "GER"]
[SourceTitle "EXT 2016"]
[Source "ChessBase"]
[SourceDate "2015.10.08"]
[SourceVersion "1"]
[SourceVersionDate "2015.10.08"]
[SourceQuality "1"]

1. e4 d5 2. exd5 Qxd5 3. Qf3 Nf6 4. Nc3 Qa5 5. d4 c6 6. h3 Bf5 7. b4 Qxb4 8. Rb1 Qa5 9. Bd2 e6 10. Rxb7 Bb4 11. Bc4 0-0 12. Nge2 Bxc2 13. 0-0 Bxc3 14. Nxc3 Qf5 15. Qe2 Ne4 16. Re1 Nd6 17. Rb2 Nxc4 18. Qxc4 Bd3 19. Qa4 Rc8 20. Re3 Nd7 21. Rf3 Qg6 22. Rg3 Qf5 23. Bh6 g6 24. Rb7 Bc2 25. Qa3 Qh5 26. Qc1 Nb6 27. Rf3 f5 28. g4 Qh4 1-0

[Event "San Sebastian op 38th"]
[Site "San Sebastian"]
[Date "2015.03.31"]
[Round "5"]
[White "Ouadi, Wahbi"]
[Black "Sacristan Latorre, Alberto"]
[Result "1-0"]
[WhiteElo "1896"]
[BlackElo "2021"]
[PlyCount "51"]
[EventDate "2015.03.28"]
[EventType "swiss"]
[EventRounds "9"]
[EventCountry "ESP"]
[SourceTitle "CBM 165 Extra"]
[Source "ChessBase"]
[SourceDate "2015.04.21"]
[SourceVersion "1"]
[SourceVersionDate "2015.04.21"]
[SourceQuality "1"]

1. d4 Nf6 2. Nc3 c5 3. d5 d6 4. e4 g6 5. Nf3 Bg7 6. Be2 0-0 7. 0-0 a6 8. a4 e6 9. Bg5 h6 10. Bh4 g5 11. Bg3 exd5 12. Bxd6 Qxd6 13. e5 Qd8 14. exf6 Bxf6 15. Nxd5 Bxb2 16. Bc4 Nc6 17. Rb1 Bg7 18. Re1 Be6 19. Rxb7 Na5 20. Rxe6 Nxb7 21. Rxa6 Na5 22. Rxa8 Qxa8 23. Ne7+ Kh8 24. Nxg5 Nxc4 25. Qd3 f5 26. Ng6+ 1-0

[Event "San Sebastian op 38th"]
[Site "San Sebastian"]
[Date "2015.03.30"]
[Round "4"]
[White "Boricsev, Oleg"]
[Black "Ouadi, Wahbi"]
[Result "1-0"]
[WhiteElo "2356"]
[BlackElo "1896"]
[PlyCount "69"]
[EventDate "2015.03.28"]
[EventType "swiss"]
[EventRounds "9"]
[EventCountry "ESP"]
[SourceTitle "CBM 165 Extra"]
[Source "ChessBase"]
[SourceDate "2015.04.21"]
[SourceVersion "1"]
[SourceVersionDate "2015.04.21"]
[SourceQuality "1"]

1. e4 d5 2. exd5 Qxd5 3. Nc3 Qa5 4. d4 Nf6 5. Bc4 Bf5 6. Nf3 e6 7. Bd2 c6 8. Ne4 Qb6 9. Ng3 Bg4 10. Bc3 Nbd7 11. h3 Bxf3 12. Qxf3 Bd6 13. 0-0-0 0-0-0 14. Nh5 Rhg8 15. a3 Qc7 16. g3 Nxh5 17. Qxh5 Nf6 18. Qe2 Nd5 19. Bd2 Qe7 20. Bd3 a6 21. c4 Nf6 22. Bc3 Rge8 23. Rhe1 Qc7 24. Kb1 c5 25. Bc2 cxd4 26. Bxd4 Bxa3 27. Bxf6 gxf6 28. bxa3 Rd6 29. Rxd6 Qxd6 30. Ka2 Rg8 31. Qe3 Rg5 32. Rd1 Qc7 33. Bb3 Re5 34. Qa7 Re2+ 35. Kb1 1-0

[Event "FRA-chT1 1011"]
[Site "France"]
[Date "2010.11.13"]
[Round "2.6"]
[White "Nord, Antoine"]
[Black "Ouadi, Wahbi"]
[Result "1-0"]
[WhiteElo "1972"]
[BlackElo "1900"]
[PlyCount "85"]
[EventDate "2010.10.17"]
[EventType "team-tourn"]
[EventRounds "11"]
[EventCountry "FRA"]
[SourceTitle "EXT 2012"]
[Source "ChessBase"]
[SourceDate "2011.11.24"]
[SourceVersion "1"]
[SourceVersionDate "2011.11.24"]
[SourceQuality "1"]

1. e4 d5 2. exd5 Qxd5 3. Nc3 Qa5 4. Bc4 Nf6 5. d3 c6 6. Bd2 e6 7. Nf3 Be7 8. Nd5 Qd8 9. Nxe7 Qxe7 10. d4 Ne4 11. 0-0 Nxd2 12. Qxd2 Nd7 13. Rfe1 0-0 14. Bb3 b6 15. Ne5 Nxe5 16. Rxe5 Bb7 17. Qe3 Rfd8 18. c3 Rac8 19. f4 c5 20. f5 cxd4 21. cxd4 Rd6 22. fxe6 f6 23. Rh5 Rcd8 24. Qh3 Be4 25. Rd1 Rxd4 26. Rxd4 Rxd4 27. Qe3 Bg6 28. Qxd4 Bxh5 29. Qd8+ Qe8 30. e7+ Kh8 31. Ba4 Qg8 32. Qxg8+ Kxg8 33. e8Q+ Bxe8 34. Bxe8 Kf8 35. Ba4 Ke7 36. Kf2 g5 37. Kf3 f5 38. Bc2 Ke6 39. g4 fxg4+ 40. Kxg4 h6 41. Kh5 Ke5 42. Kxh6 g4 43. Kg5 1-0

[Event "Calvi Balagne op 04th"]
[Site "Calvi"]
[Date "2007.02.28"]
[Round "4"]
[White "Humeau, Cyril"]
[Black "Ouadi, Wahbi"]
[Result "1-0"]
[WhiteElo "2160"]
[BlackElo "2033"]
[PlyCount "59"]
[EventDate "2007.02.26"]
[EventType "swiss"]
[EventRounds "7"]
[EventCountry "FRA"]
[SourceTitle "CBM 117 Extra"]
[Source "ChessBase"]
[SourceDate "2007.05.09"]
[SourceVersion "1"]
[SourceVersionDate "2007.05.09"]
[SourceQuality "1"]

1. b4 e5 2. Bb2 d6 3. c4 Be7 4. Nc3 Nf6 5. e4 Nc6 6. b5 Nd4 7. Be2 Be6 8. d3 0-0 9. Nf3 Nxf3+ 10. Bxf3 Nd7 11. 0-0 Nc5 12. Ba3 Qd7 13. Re1 Rad8 14. Bb4 Kh8 15. a4 Qe8 16. Nd5 Bxd5 17. cxd5 Bg5 18. Ra2 g6 19. d4 Nd7 20. Rc2 exd4 21. Rxc7 Ne5 22. Qxd4 Bf6 23. Qe3 a6 24. Rxb7 axb5 25. axb5 Rc8 26. Bxd6 Nc4 27. Qf4 Nxd6 28. Qxf6+ Kg8 29. Qxd6 Rd8 30. Qe7 1-0

[Event "Turin olympic op-A"]
[Site "Turin"]
[Date "2006.05.25"]
[Round "4"]
[White "Parodi, Alessandro"]
[Black "Ouadi, Wahbi"]
[Result "0-1"]
[WhiteElo "1928"]
[BlackElo "2011"]
[PlyCount "136"]
[EventDate "2006.05.22"]
[EventType "swiss"]
[EventRounds "9"]
[EventCountry "ITA"]
[SourceTitle "EXT 2011"]
[Source "ChessBase"]
[SourceDate "2010.11.26"]
[SourceVersion "1"]
[SourceVersionDate "2010.11.26"]
[SourceQuality "1"]

1. d4 e5 2. dxe5 Nc6 3. Nf3 Bc5 4. Bg5 Nge7 5. e3 h6 6. Bh4 g5 7. Bg3 a6 8. Nbd2 Ng6 9. Ne4 Be7 10. h3 b5 11. c3 Bb7 12. Nf6+ Bxf6 13. exf6 d6 14. Bd3 Qxf6 15. Be4 Nge7 16. Nd4 d5 17. Bf3 Ne5 18. Bxe5 Qxe5 19. Nb3 Rd8 20. Nc5 Bc8 21. Qd4 Ng6 22. Bh5 Qxd4 23. cxd4 Nh4 24. 0-0 0-0 25. Rac1 f6 26. Nd3 Rd7 27. Rc6 Bb7 28. Re6 Rg7 29. Rc1 a5 30. Nc5 Bc8 31. Rc6 Re7 32. Nd3 Bf5 33. Ne1 Be4 34. Rxc7 Rxc7 35. Rxc7 a4 36. a3 Rb8 37. Bf7+ Kf8 38. Be6 b4 39. Rc8+ Rxc8 40. Bxc8 bxa3 41. bxa3 Ke7 42. Ba6 Nf5 43. Bb5 Nd6 44. Bxa4 Nc4 45. Nc2 Kd6 46. Kf1 h5 47. Bb3 Nd2+ 48. Kg1 Nxb3 49. Nb4 h4 50. f3 Bg6 51. Kf2 Na5 52. g3 Nc4 53. f4 Be4 54. fxg5 fxg5 55. a4 Bf5 56. g4 Be4 57. Na6 Nb2 58. a5 Nc4 59. Nb4 Nxa5 60. Na2 Nc4 61. Nc3 Nd2 62. Ne2 Bd3 63. Nc1 Ne4+ 64. Kf3 Bf1 65. Nb3 Bxh3 66. Na5 Bf1 67. Nc6 h3 68. Ne7 Bg2+ 0-1